Statistics for Confederate States

Click here to take the quiz!

General Stats

  • This quiz has been taken 2,534 times
  • The average score is 9 of 11

Answer Stats

Date of SecessionState% Correct
December 20, 1860South Carolina
99%
January 9, 1861Mississippi
87%
January 11, 1861Alabama
82%
January 19, 1861Georgia
81%
January 10, 1861Florida
80%
February 1, 1861Texas
78%
April 17, 1861Virginia
78%
May 20, 1861North Carolina
77%
January 26, 1861Louisiana
75%
May 7, 1861Tennessee
73%
May 6, 1861Arkansas
72%

Score Distribution

Percentile by Number Answered

Percent of People with Each Score

Your Score History

You have not taken this quiz